LEADER 01592nam a2200325 u 4500 001 000000078785 003 CaOOAMICUS 005 20070226123452.0 008 040514s1988 gw u000 u ger u 020 $a3884050346 035 $a10995141 040 $aPUL$bita 100 1 $aEhrenfels, Christian von,$d1859-1932.$0(OLS)http://pul/name/52480 245 10$aPsychologie, Ethik, Erkenntnistheorie /$cChristian von Ehrenfels ; hrsg. von Reinhard Fabian ; mit ein Einleitung von Peter M. Simons. 260 $aMünchen :$bPhilosophia Verlag,$cc1988. 300 $a520 p. ;$c24 cm 490 1 $aPhilosophische Schriften / Christian Von Ehrenfels ;$vBd. 3 490 1 $aPhilosophia resources library 500 $aContiene indici. 504 $aBibliografia in nota. 700 1 $aSimmons, Peter M.$0(OLS)http://pul/name/52483 700 1 $aFabian, Reinhard.$0(OLS)http://pul/name/50596 800 1 $aEhrenfels, Christian von,$d1859-1932.$tPhilosophische Schriften$9(Ehrenfels, Christian von, 1859-1932) ;$vBd.3.$0(OLS)http://pul/nameTitle/220$0(OLS)http://pul/name/52480$0(OLS)http://pul/title/103149 830 0$aPhilosophia resources library.$0(OLS)http://pul/title/103148 850 $aPUL 852 $aPUL$W1$xSL Filosofia 1$y2$m89 G 45.3$j100974$nBK-PRI$b $qStampati$B100974$CPULBib$Z2$F100974 $HPUL92287 $81 941 1 $a8 996 $6020$a3884050346$9(OLS)http://pul/number/103337 996 $6245$aPsychologie, Ethik, Erkenntnistheorie$9(OLS)http://pul/title/103152 996 $6260$aMünchen :$bPhilosophia Verlag$9(OLS)http://pul/publisher/75499 LEADER 01348nam a2200301 u 4500 001 000000119296 003 CaOOAMICUS 005 20100119094336.0 008 100119t2009 it c u000 u ita r 020 $a978-88-8483-843-8 040 $aPUL$bita$dReb 041 1 $aita$hger 100 1 $aHusserl, Edmund,$d1859-1938.$0(OLS)http://pul/name/10441 240 10$aFormale und transzendentale logik$lItaliano.$0(OLS)http://pul/title/150114 245 10$aLogica formale e trascendentale : saggio di critica della ragione logica /$cEdmund Husserl. 260 $aMilano ; Udine :$bMimesis,$cİ2009. 300 $a338 p. :$b1 ritr. ;$c21 cm. 490 1 $aVolti 504 $aInclude riferimenti bibliografici ed indice. 650 4$aFenomenologia$ySec. XX.$0(OLS)http://pul/subject/26013 650 4$aLogica$ySec. XX.$0(OLS)http://pul/subject/26526 830 0$aVolti (Mimesis).$0(OLS)http://pul/title/150110 850 $aPUL 852 $aPUL$W1$xSL Filosofia 3$y81$m160 HUSED 1$j136898$qDDC 21$B135919$CPULBib$Z2$F135919 $H112089 $82 941 1 $a9 996 $6020$a978-88-8483-843-8$9(OLS)http://pul/number/143022 996 $6245$aLogica formale e trascendentale : saggio di critica della ragione logica$9(OLS)http://pul/title/150113 996 $6260$aMilano ; Udine :$bMimesis$9(OLS)http://pul/publisher/81060